[Event "FINAL MISTRZOSTW POLSKI JUNIOROW 2018 - GRUPA  C18"]
[Site "Jastrzebia Gora"]
[Date "1899-12-30"]
[Round "8.15"]
[White "Rak, Maciej"]
[Black "Kaminski, Maciej"]
[Result "1-0"]
[WhiteTitle "I"]
[BlackTitle "I++"]
[WhiteElo "1694"]
[BlackElo "1957"]

1. f4 Nh6 2. Nf3 d5 3. b3 c5 4. e3 Nc6 5. Bb5 f6 6. O-O Nf7 7. Bb2 Bd7 8. Bxc6
Bxc6 9. d4 e6 10. Nh4 Qc7 11. a4 O-O-O 12. Nc3 g5 13. fxg5 fxg5 14. Qg4 Qd7 15.
Qh5 Nh6 16. Nf3 Nf5 17. Ne5 Qc7 18. Nb5 Qb6 19. Qe2 Be8 20. g4 Nh4 21. Nf7 Bxf7
22. a5 Qa6 23. Rxf7 Rd7 24. Rxd7 Kxd7 25. dxc5 Rg8 26. Qd3 Be7 27. b4 Qc6 28.
Nd4 Qc7 29. Rf1 Qe5 30. Ba1 h5 31. Nc6 Nf3+ 32. Rxf3 Qxa1+ 33. Rf1 Qg7 34. Rf7
Qa1+ 35. Rf1 Qg7 36. Nd4 hxg4 37. Nxe6 Qe5 38. Nd4 Rf8 39. Rxf8 Bxf8 40. Qh7+
Kc8 41. Kf2 Kd8 42. Ke2 Bg7 43. Qxg7 Qxh2+ 44. Kd3 g3 45. Qf8+ Kd7 46. Qf7+ Kc8
47. Qe8+ 1-0

[Event "FINAL MISTRZOSTW POLSKI JUNIOROW 2018 - GRUPA  C18"]
[Site "Jastrzebia Gora"]
[Date "1899-12-30"]
[Round "8.16"]
[White "Bojczewski, Rafal"]
[Black "Jarzebowski, Kacper"]
[Result "0-1"]
[WhiteTitle "I+"]
[BlackTitle "I++"]
[WhiteElo "1790"]
[BlackElo "1914"]

1. e4 d6 2. d4 g6 3. Bg5 Bg7 4. f4 c5 5. c3 cxd4 6. Bb5+ Bd7 7. Bxd7+ Nxd7 8. cxd4
Qb6 9. Ne2 e5 10. Nbc3 Ngf6 11. fxe5 dxe5 12. dxe5 Ng4 13. Qd6 Qxd6 14. exd6 Nc5
15. O-O O-O 16. Be7 Rfe8 17. Nd5 Be5 18. Nc7 Bxh2+ 19. Kh1 Rxe7 20. Nxa8 Bxd6
21. Rfd1 Re8 0-1

[Event "FINAL MISTRZOSTW POLSKI JUNIOROW 2018 - GRUPA  C18"]
[Site "Jastrzebia Gora"]
[Date "1899-12-30"]
[Round "8.17"]
[White "Kupiecki, Szymon"]
[Black "Dryja, Szymon"]
[Result "0-1"]
[WhiteTitle "I"]
[BlackTitle "I++"]
[WhiteElo "1827"]
[BlackElo "1896"]

1. e4 c5 2. Nf3 d6 3. d4 cxd4 4. Nxd4 Nf6 5. Nc3 a6 6. Bc4 e6 7. Bb3 b5 8. O-O
Be7 9. f4 O-O 10. e5 dxe5 11. fxe5 Nfd7 12. Nf3 Nc6 13. Qe1 Qc7 14. Bf4 Nc5 15.
Qg3 Kh8 16. Rae1 Bb7 17. Qh3 b4 18. Na4 Na5 19. Nxc5 Qxc5+ 20. Kh1 Nxb3 21. cxb3
Qc2 22. Bc1 Rac8 23. Nd4 Qc5 24. Qg4 Qd5 25. Be3 Bc5 26. Bg1 Kg8 27. Rf3 Rfd8
28. Rg3 Bf8 29. Qh5 Rd7 0-1

[Event "FINAL MISTRZOSTW POLSKI JUNIOROW 2018 - GRUPA  C18"]
[Site "Jastrzebia Gora"]
[Date "1899-12-30"]
[Round "9.1"]
[White "Szustakowski, Antoni"]
[Black "Kowalski, Igor"]
[Result "1-0"]
[WhiteTitle "FM"]
[BlackTitle "FM"]
[WhiteElo "2297"]
[BlackElo "2303"]

1. d4 Nf6 2. c4 e6 3. Nf3 d5 4. g3 Be7 5. Bg2 O-O 6. O-O dxc4 7. Ne5 Nc6 8. Nxc6
bxc6 9. Na3 Bxa3 10. bxa3 Ba6 11. Qd2 Rb8 12. Qa5 Rb6 13. a4 Qd6 14. a3 Rfb8 15.
e4 Qe7 16. Rd1 Nd7 17. Bd2 Qf8 18. Bb4 Qc8 19. Rac1 h6 20. f4 c3 21. Qh5 Bc4 22.
Rxc3 Qa6 23. Qa5 Be2 24. Qxa6 Rxa6 25. Re1 Bh5 26. a5 c5 27. dxc5 Rd8 28. Rd3
f6 29. e5 fxe5 30. Bb7 1-0

[Event "FINAL MISTRZOSTW POLSKI JUNIOROW 2018 - GRUPA  C18"]
[Site "Jastrzebia Gora"]
[Date "1899-12-30"]
[Round "9.2"]
[White "Lukasiewicz, Krzysztof"]
[Black "Chylewski, Patryk"]
[Result "0-1"]
[WhiteTitle "k"]
[BlackTitle "FM"]
[WhiteElo "2209"]
[BlackElo "2313"]

1. e4 c5 2. Nf3 d6 3. d4 cxd4 4. Nxd4 Nf6 5. Nc3 a6 6. Bc4 Nbd7 7. O-O g6 8. Re1
Bg7 9. Bg5 h6 10. Be3 b5 11. Bf1 Bb7 12. f3 O-O 13. Qd2 Kh7 14. a4 b4 15. Na2
a5 16. c3 bxc3 17. Nxc3 d5 18. exd5 Nxd5 19. Nxd5 Bxd5 20. Nf5 gxf5 21. Qxd5 e6
22. Qd2 Nf6 23. Qf2 Nd5 24. Red1 Qf6 25. Bd4 Qg5 26. Bc4 Nf4 27. Qg3 Rfd8 28.
Bxg7 Kxg7 29. b3 Rac8 30. Kf2 Kf6 31. Qxg5+ hxg5 32. g3 Ng6 33. Ke3 Ke5 34. Re1
f4+ 35. Kf2+ Kf5 36. Ra2 Ne5 37. Re4 Nxf3 38. Rae2 Nd2 39. Re5+ Kf6 40. gxf4 gxf4
41. Bxe6 fxe6 42. Rxe6+ Kg7 43. Re7+ Kh8 44. Rb7 Rc1 45. Re5 Rf1+ 46. Kg2 f3+
47. Kh3 Rg1 48. Rf7 Rd6 49. Rh5+ Kg8 50. Rf4 f2 51. Rxf2 Rd3+ 52. Kh4 Nf3+ 53.
Rxf3 Rxf3 54. Rxa5 Rxb3 55. Ra7 Ra3 56. a5 Rga1 57. Kg4 Ra4+ 58. Kf3 Rxa5 59.
Rb7 Rf1+ 60. Ke2 Rf7 61. Rb6 Rh5 62. Rb8+ Kg7 63. Rb6 Rf6 64. Rb7+ Kg6 65. Rb8
Rh3 66. Rb5 Ra6 67. Kf2 Ra2+ 68. Kg1 Rhxh2 69. Rb6+ Kf5 70. Rb1 Rhb2 71. Rc1 Rb4
72. Rf1+ Kg4 73. Rc1 Rb3 74. Rd1 Kg3 75. Rc1 Rab2 0-1

[Event "FINAL MISTRZOSTW POLSKI JUNIOROW 2018 - GRUPA  C18"]
[Site "Jastrzebia Gora"]
[Date "1899-12-30"]
[Round "9.3"]
[White "Grela, Kacper"]
[Black "Slomczewski, Michal"]
[Result "1-0"]
[WhiteTitle "FM"]
[BlackTitle "I+"]
[WhiteElo "2321"]
[BlackElo "2045"]

1. d4 c5 2. d5 e6 3. c4 Nf6 4. Nc3 exd5 5. cxd5 d6 6. Nf3 g6 7. h3 Bg7 8. e4 a6
9. a4 Nbd7 10. Bd3 Nh5 11. Bg5 Bf6 12. Be3 Ne5 13. Be2 Nxf3+ 14. Bxf3 Ng7 15.
O-O O-O 16. Qd2 Be5 17. Bf4 Re8 18. a5 b5 19. axb6 Qxb6 20. Bxe5 Rxe5 21. Na4
Qd8 22. b4 cxb4 23. Qxb4 Qg5 24. Bg4 Nh5 25. Bxh5 Qxh5 26. f4 Re8 27. Rf3 a5 28.
Qxd6 Qh4 29. Nc5 Qd8 30. Qxd8 Rxd8 31. Rfa3 f5 32. Rxa5 Rxa5 33. Rxa5 fxe4 34.
Ra8 Kf7 35. d6 Rxd6 36. Rxc8 e3 37. Rc7+ Ke8 38. Kf1 Rd2 39. Ne4 Rd4 40. Rc4 Rd1+
41. Ke2 Rg1 42. g3 Rh1 43. h4 1-0

[Event "FINAL MISTRZOSTW POLSKI JUNIOROW 2018 - GRUPA  C18"]
[Site "Jastrzebia Gora"]
[Date "1899-12-30"]
[Round "9.4"]
[White "Gumularz, Szymon"]
[Black "Koziol, Kamil"]
[Result "1-0"]
[WhiteTitle "FM"]
[BlackTitle "FM"]
[WhiteElo "2462"]
[BlackElo "2262"]

1. e4 c5 2. Ne2 e6 3. d4 cxd4 4. Nxd4 a6 5. Be2 Nf6 6. Nc3 Qc7 7. O-O Nc6 8. Be3
Bb4 9. Nxc6 bxc6 10. f4 e5 11. fxe5 Qxe5 12. Rf5 Qe7 13. Qd4 d6 14. Rg5 Bc5 15.
Qd3 Nd5 16. Nxd5 Qxg5 17. Bxc5 cxd5 18. Bxd6 Be6 19. Bf3 Rd8 20. e5 f6 21. Qxa6
Kf7 22. Rf1 Rhe8 23. exf6 gxf6 24. Bg3 d4 25. Kh1 Kg7 26. b4 Bf5 27. Qc4 Qd2 28.
Bh5 Bg6 29. Qc7+ Kg8 30. Qc4+ Kg7 31. Qc7+ Kg8 32. Bxg6 hxg6 33. h3 Qg5 34. h4
Qd5 35. Rxf6 Rd7 36. Rxg6+ Kf7 37. Qb6 Qf5 38. Rg5 Qxc2 39. Qh6 Ke7 40. Rg7+ Kd8
41. Qb6+ 1-0

[Event "FINAL MISTRZOSTW POLSKI JUNIOROW 2018 - GRUPA  C18"]
[Site "Jastrzebia Gora"]
[Date "1899-12-30"]
[Round "9.5"]
[White "Wyczling, Bartosz"]
[Black "Woloch, Oskar"]
[Result "1-0"]
[WhiteTitle "k"]
[BlackTitle "k"]
[WhiteElo "2103"]
[BlackElo "2107"]

1. d4 d5 2. c4 e6 3. Nc3 c5 4. cxd5 cxd4 5. Qxd4 Nc6 6. Qa4 exd5 7. Nf3 d4 8. Nb5
Bg4 9. Bf4 Bb4+ 10. Kd1 Bxf3 11. gxf3 Kf8 12. Rc1 Nge7 13. Nc7 Rb8 14. Nb5 a6
15. Na7 Nd5 16. Nxc6 bxc6 17. Bxb8 Nc3+ 18. bxc3 dxc3+ 19. Kc2 Qd2+ 20. Kb3 c5
21. Qxa6 1-0

[Event "FINAL MISTRZOSTW POLSKI JUNIOROW 2018 - GRUPA  C18"]
[Site "Jastrzebia Gora"]
[Date "1899-12-30"]
[Round "9.6"]
[White "Walter, Szymon"]
[Black "Klepek, Witold"]
[Result "1-0"]
[WhiteTitle "k+"]
[BlackTitle "k"]
[WhiteElo "2330"]
[BlackElo "2126"]

1. e4 e6 2. d4 d5 3. Nc3 Nf6 4. Bg5 Bb4 5. e5 h6 6. Be3 Ne4 7. Qg4 g6 8. a3 Bxc3+
9. bxc3 Nxc3 10. Bd3 Qd7 11. h4 c5 12. dxc5 Qa4 13. Qb4 Qxb4 14. axb4 Bd7 15.
Bd2 Nb5 16. h5 g5 17. Nf3 Bc6 18. Nh2 d4 19. Ng4 Nd7 20. f4 gxf4 21. Bxf4 Nc3
22. Rh4 O-O-O 23. Nxh6 Rdf8 24. Ng4 f5 25. exf6 e5 26. Bh6 Rxh6 27. Nxh6 Nxf6
28. Bf5+ Kc7 29. g4 Nfe4 30. Bxe4 Nxe4 31. Nf5 Ng5 32. O-O-O Nf3 33. Rhh1 Ng5
34. Rh4 Nf3 35. Rhh1 Ng5 36. Rhe1 Bf3 37. Rxe5 Bxg4 38. Rxd4 Bxh5 39. Ng7 Nf3
40. Ne6+ 1-0

[Event "FINAL MISTRZOSTW POLSKI JUNIOROW 2018 - GRUPA  C18"]
[Site "Jastrzebia Gora"]
[Date "1899-12-30"]
[Round "9.7"]
[White "Hrymowicz, Artur"]
[Black "Swider, Pawel"]
[Result "1-0"]
[WhiteTitle "I++"]
[BlackTitle "I"]
[WhiteElo "2156"]
[BlackElo "1941"]

1. e4 c6 2. d4 d5 3. e5 Bf5 4. Nd2 e6 5. Nb3 Nd7 6. Nf3 Ne7 7. a4 a5 8. Be2 h6
9. O-O Qc7 10. Bd2 b6 11. c4 dxc4 12. Bxc4 Nd5 13. Nh4 Bh7 14. f4 Ne7 15. Rc1
Qb7 16. Qf3 Rb8 17. g4 h5 18. h3 hxg4 19. hxg4 Bg8 20. Ng2 Nd5 21. f5 Be7 22.
fxe6 fxe6 23. Bd3 Kd8 24. Nf4 Nxf4 25. Bxf4 g5 26. Bd2 c5 27. Be4 Qc7 28. Qd3
Rh4 29. dxc5 Qxe5 30. Rf2 Rxg4+ 31. Bg2 Rg3 32. Qg6 Qh8 33. c6 Nc5 34. Nxc5 Bxc5
35. Rxc5 bxc5 36. Rf8+ Ke7 37. Rxb8 Qd4+ 38. Kf1 Qc4+ 39. Ke1 Rxg2 40. Bxg5+ Kd6
41. Rd8+ Kxc6 42. Qe8+ Kb6 43. Rd6+ 1-0

[Event "FINAL MISTRZOSTW POLSKI JUNIOROW 2018 - GRUPA  C18"]
[Site "Jastrzebia Gora"]
[Date "1899-12-30"]
[Round "9.8"]
[White "Sernecki, Franciszek"]
[Black "Karpus, Michal"]
[Result "1/2-1/2"]
[WhiteTitle "I+"]
[BlackTitle "FM"]
[WhiteElo "2160"]
[BlackElo "2367"]

1. d4 Nf6 2. c4 e6 3. Nf3 d5 4. e3 Bd6 5. Nbd2 O-O 6. Bd3 b6 7. O-O Bb7 8. b3 Nbd7
9. Bb2 Ne4 10. Qe2 f5 11. Rab1 Rf6 12. Ne5 Qe7 13. f4 Rff8 14. Ndf3 a5 15. a4
Ndf6 16. Rbc1 dxc4 17. bxc4 Bb4 18. Rfd1 Rfd8 19. Bb1 Rac8 20. Ba2 c5 21. Bb3
cxd4 22. exd4 Ba6 23. Qe3 h6 24. Ba2 Kh7 25. Bb3 Qe8 26. Rd3 Nd6 27. Rdd1 Nfe4
28. h3 Rc7 29. Rc2 Bb7 30. Nd3 Rdc8 31. Rdc1 Bc6 32. Nxb4 axb4 33. Qe1 Nc3 34.
Bxc3 bxc3 35. Qxc3 Bxa4 36. Qb4 Bxb3 37. Qxb3 Rb8 38. Ne5 Ne4 39. Ra1 Qd8 40.
Qd3 Qd6 41. Rb2 Rd8 42. Rd1 Ra7 43. Qb3 Rb7 44. Kh2 g5 45. Qf3 gxf4 46. c5 Qc7
47. c6 Ra7 48. Qb3 Rxd4 49. Qxe6 1/2-1/2

[Event "FINAL MISTRZOSTW POLSKI JUNIOROW 2018 - GRUPA  C18"]
[Site "Jastrzebia Gora"]
[Date "1899-12-30"]
[Round "9.9"]
[White "Brozyna, Mateusz"]
[Black "Raczynski, Krzysztof"]
[Result "1-0"]
[WhiteTitle "I+"]
[BlackTitle "k+"]
[WhiteElo "2147"]
[BlackElo "2124"]

1. d4 Nf6 2. Nc3 d6 3. e4 e5 4. Nf3 Nbd7 5. g3 Be7 6. Bg2 O-O 7. O-O c6 8. a4 a5
9. Re1 Re8 10. Be3 Ng4 11. Bc1 Bf8 12. h3 Ngf6 13. Be3 Qc7 14. d5 Nb6 15. Nd2
Bd7 16. g4 g6 17. Qf3 Bg7 18. Qg3 Rac8 19. f4 cxd5 20. exd5 e4 21. Bd4 Nc4 22.
Nxc4 Qxc4 23. Rad1 Qb4 24. Qh4 Nxd5 25. Bxg7 Nxf4 26. Bd4 Ne6 27. Nd5 1-0

[Event "FINAL MISTRZOSTW POLSKI JUNIOROW 2018 - GRUPA  C18"]
[Site "Jastrzebia Gora"]
[Date "1899-12-30"]
[Round "9.10"]
[White "Jarzebowski, Kacper"]
[Black "Garbowski, Jakub"]
[Result "1-0"]
[WhiteTitle "I++"]
[BlackTitle "k"]
[WhiteElo "1914"]
[BlackElo "2112"]

1. d4 Nf6 2. c4 g6 3. Nc3 d5 4. Bf4 Bg7 5. Rc1 O-O 6. e3 Be6 7. Qb3 b6 8. Nf3 Nc6
9. Qa4 Na5 10. cxd5 Nxd5 11. Nxd5 Qxd5 12. b4 Bd7 13. Qa3 Nc6 14. Bc4 Qh5 15.
Be2 Qd5 16. Bc4 Qh5 17. Be2 Qd5 18. O-O a5 19. b5 Nb4 20. Bc4 Qh5 21. Bxc7 Bxb5
22. Qb3 Bc6 23. a3 Nd5 24. Be5 e6 25. e4 Nf6 26. d5 exd5 27. exd5 Bd7 28. Qxb6
Ne8 29. Qd4 f6 30. d6+ Kh8 31. Bg3 Bh6 32. Rce1 Ng7 33. Qd5 Nf5 34. Nd4 Rae8 35.
Nxf5 Qxf5 36. Re7 Qxd5 37. Bxd5 Rxe7 38. dxe7 Re8 39. Bd6 Kg7 40. Rb1 Bd2 41.
Rb7 Ba4 42. Kf1 Bc3 43. f4 f5 44. Ke2 Bf6 45. Kd3 g5 46. fxg5 Bxg5 47. g3 Kg6
48. h4 Bf6 49. Ke3 Rc8 50. Kf4 Bc3 51. Rc7 Rxc7 52. Bxc7 Kf6 53. Bd8 Be8 54. Ke3
Ke5 55. Bg8 h6 56. Bc7+ Kf6 57. Bd6 Bb2 58. Bc4 Bc1+ 59. Kd4 Bb2+ 60. Kd5 Bc1
61. Ba6 Bb2 62. Bb7 h5 63. Ba8 Bc1 64. Bc6 Bf7+ 65. Kd4 Bb2+ 66. Kd3 Ke6 67. Bc5
Be5 68. e8=Q+ Bxe8 69. Bxe8 Bxg3 70. Bxh5 Bxh4 71. a4 Kd5 72. Bd4 Be1 73. Bf3+
Kd6 74. Kc4 Bb4 75. Kb5 1-0

[Event "FINAL MISTRZOSTW POLSKI JUNIOROW 2018 - GRUPA  C18"]
[Site "Jastrzebia Gora"]
[Date "1899-12-30"]
[Round "9.12"]
[White "Janiszewski, Filip"]
[Black "Zaleski, Lukasz"]
[Result "1-0"]
[WhiteTitle "I++"]
[BlackTitle "k"]
[WhiteElo "1869"]
[BlackElo "2132"]

1. e4 e5 2. Nf3 Nc6 3. Bb5 a6 4. Ba4 d6 5. O-O Bg4 6. c3 b5 7. Bb3 Qf6 8. d3 Bxf3
9. Qxf3 Qxf3 10. gxf3 g6 11. Be3 Bg7 12. Nd2 Nge7 13. f4 f5 14. fxe5 dxe5 15.
Nf3 h6 16. Bc5 O-O-O 17. Rfd1 Kb7 18. a4 Rhf8 19. Ne1 Bf6 20. Ng2 f4 21. Ne1 g5
22. Nc2 Rh8 23. Be6 Nc8 24. axb5 axb5 25. Na3 b4 26. Nc4 Nb6 27. cxb4 Nxc4 28.
Bxc4 Be7 29. Bd5 Bxc5 30. bxc5 Rhe8 31. b4 Rxd5 32. exd5 Ne7 33. b5 Nxd5 34. Ra3
Ra8 35. Rxa8 Kxa8 36. Re1 1-0

[Event "FINAL MISTRZOSTW POLSKI JUNIOROW 2018 - GRUPA  C18"]
[Site "Jastrzebia Gora"]
[Date "1899-12-30"]
[Round "9.13"]
[White "Koloczek, Maciej"]
[Black "Kus, Aleksander"]
[Result "1-0"]
[WhiteTitle "I"]
[BlackTitle "k"]
[WhiteElo "1864"]
[BlackElo "2009"]

1. e4 e6 2. b3 d5 3. Bb2 dxe4 4. Nc3 Nf6 5. Qe2 Bb4 6. O-O-O Qe7 7. Kb1 Ba3 8.
Ba1 a5 9. g4 Bd7 10. Bg2 Bc6 11. Nxe4 Nxe4 12. Bxe4 O-O 13. f4 a4 14. Nf3 axb3
15. cxb3 Bd6 16. Ne5 Bxe4+ 17. Qxe4 f6 18. Nc4 Nc6 19. Rhe1 Rfe8 20. Bc3 Bb4 21.
Re2 Qd7 22. Rde1 Bf8 23. Ne3 Ne7 24. h3 Ra6 25. Qxb7 Qd3+ 26. Kb2 Rea8 27. a4
R8a7 28. Qb5 Qd8 29. Qc4 Nd5 30. f5 Qd6 31. Ra1 Nf4 32. fxe6 Be7 33. Nf5 Qc5 34.
Nxe7+ Qxe7 35. Qxf4 Rb7 36. Qd4 Rab6 37. Qd7 Rxb3+ 38. Kc2 Rb2+ 39. Bxb2 Rxb2+
40. Kxb2 Qb4+ 41. Ka2 Qc4+ 42. Ka3 Qc5+ 43. Kb3 h5 44. Qe8+ Kh7 45. Qxh5+ 1-0

[Event "FINAL MISTRZOSTW POLSKI JUNIOROW 2018 - GRUPA  C18"]
[Site "Jastrzebia Gora"]
[Date "1899-12-30"]
[Round "9.14"]
[White "Rak, Maciej"]
[Black "Raclawicki, Kacper"]
[Result "0-1"]
[WhiteTitle "I"]
[BlackTitle "I"]
[WhiteElo "1694"]
[BlackElo "1738"]

1. e4 c5 2. Nc3 e6 3. f4 Nc6 4. Nf3 d6 5. g3 Nf6 6. Bg2 Be7 7. O-O O-O 8. d3 a6
9. h3 Qc7 10. g4 g6 11. Ne2 Ne8 12. g5 f5 13. gxf6 Bxf6 14. Ng3 Bg7 15. c3 e5
16. Qb3+ Kh8 17. Ng5 Na5 18. Ne6 Qe7 19. Qa4 Bxe6 20. Qxa5 Qh4 21. f5 Qxg3 22.
fxe6 Rxf1+ 23. Kxf1 Bf6 24. Bh6 Bd8 25. Qa4 Qxd3+ 26. Kg1 b5 27. Qd1 Qxd1+ 28.
Rxd1 Be7 29. Rf1 Nf6 30. Bg5 Kg7 31. a4 Rb8 32. Bxf6+ Bxf6 33. axb5 axb5 34. Ra1
Rb7 35. Bf1 Be7 36. Ra5 c4 37. b3 cxb3 38. Ra3 d5 39. Rxb3 dxe4 40. Rxb5 Rxb5
41. Bxb5 Kf6 42. Bc4 Kf5 43. Kf2 Kf4 44. Bd5 h5 45. c4 g5 46. Bc6 Bc5+ 47. Kg2
g4 48. hxg4 hxg4 49. Bb5 e3 50. e7 Bxe7 51. c5 Bxc5 52. Bd3 Be7 53. Be2 Bh4 54.
Bd3 e4 55. Be2 Kf5 56. Bd1 g3 57. Kf1 Ke5 58. Bg4 Kd4 59. Be2 Kc3 60. Bg4 Kd2
0-1

[Event "FINAL MISTRZOSTW POLSKI JUNIOROW 2018 - GRUPA  C18"]
[Site "Jastrzebia Gora"]
[Date "1899-12-30"]
[Round "9.15"]
[White "Choina, Michal"]
[Black "Kaminski, Maciej"]
[Result "1-0"]
[WhiteTitle "I++"]
[BlackTitle "I++"]
[WhiteElo "1906"]
[BlackElo "1957"]

1. Nf3 Nf6 2. g3 g6 3. Bg2 Bg7 4. d4 O-O 5. c4 d6 6. Nc3 Nc6 7. e4 Bg4 8. h3 Bxf3
9. Bxf3 Nd7 10. Be3 e5 11. d5 Nd4 12. Bg2 c5 13. O-O a6 14. Qd2 f5 15. f4 Qe7
16. Rae1 Rab8 17. Nd1 b5 18. Bxd4 cxd4 19. cxb5 axb5 20. exf5 Rxf5 21. Qxd4 Qf7
22. Qd2 exf4 23. Rxf4 Rxf4 24. Qxf4 Qxf4 25. gxf4 Nc5 26. b3 Rf8 27. b4 Bd4+ 28.
Kh1 Nd3 29. Re6 Nxb4 30. Rxd6 Nxa2 31. Rd7 Rxf4 32. Rb7 Rf7 33. Rxb5 Rd7 34. Rb3
Nc1 35. Rb4 Be5 36. Nf2 Ne2 37. Bf3 Nf4 38. Ng4 Nd3 39. Rb3 h5 40. Rxd3 hxg4 41.
hxg4 Bf4 42. Be4 Kg7 43. Rf3 g5 44. Rd3 Kf6 45. Bf5 Rd6 46. Kg2 Ke5 47. Be6 Ra6
48. Kf3 Ra1 49. Bf5 Ra6 50. Be6 Ra1 51. Rb3 Ra6 52. Ke2 Kd6 53. Rb4 Ra2+ 54. Kd3
Ra6 55. Ke4 Kc5 56. Rb7 Rd6 57. Rc7+ Kb6 58. Rf7 Bc1 59. Rf8 Bd2 60. Ke5 Bf4+
61. Rxf4 gxf4 62. Kxd6 f3 63. g5 1-0

[Event "FINAL MISTRZOSTW POLSKI JUNIOROW 2018 - GRUPA  C18"]
[Site "Jastrzebia Gora"]
[Date "1899-12-30"]
[Round "9.16"]
[White "Dryja, Szymon"]
[Black "Bojczewski, Rafal"]
[Result "0-1"]
[WhiteTitle "I++"]
[BlackTitle "I+"]
[WhiteElo "1896"]
[BlackElo "1790"]

1. Nf3 d5 2. b3 Nf6 3. Bb2 e6 4. e3 Be7 5. d4 O-O 6. Bd3 c5 7. dxc5 Bxc5 8. O-O
Nc6 9. a3 a6 10. Nbd2 Re8 11. c4 d4 12. exd4 Nxd4 13. b4 Bb6 14. c5 Nxf3+ 15.
Nxf3 Bc7 16. Qc2 h6 17. Rad1 Qe7 18. Rfe1 Rd8 19. Qc3 Bd7 20. Be4 Bc6 21. Bxc6
bxc6 22. Ne5 Rxd1 23. Rxd1 Bxe5 24. Qxe5 Rd8 25. Rd6 Ne8 26. Rxd8 Qxd8 27. Qe2
Nc7 28. h3 f6 29. Kh2 Qd5 30. Qg4 Kf7 31. Qf4 e5 32. Qe3 Ne6 33. f3 Nf4 34. Kg3
Qd1 35. Bc3 Qc2 36. Bd2 Qg6+ 37. Kf2 Qxg2+ 38. Ke1 Qh1+ 39. Kf2 Nxh3+ 40. Ke2
Nf4+ 41. Kf2 Qh2+ 42. Kf1 Qh3+ 43. Kf2 Qe6 44. a4 Qc4 45. Kg1 Qd3 46. Qxd3 Nxd3
47. Kf1 Ke6 48. Ke2 Nf4+ 49. Kd1 Kd5 50. Kc2 h5 51. Be1 Ne2 52. Kd3 Nd4 53. Bf2
Nxf3 54. b5 cxb5 55. axb5 axb5 56. Kd4+ 0-1

[Event "FINAL MISTRZOSTW POLSKI JUNIOROW 2018 - GRUPA  C18"]
[Site "Jastrzebia Gora"]
[Date "1899-12-30"]
[Round "9.17"]
[White "Jordan, Adam"]
[Black "Kupiecki, Szymon"]
[Result "1/2-1/2"]
[WhiteTitle "I"]
[BlackTitle "I"]
[WhiteElo "1748"]
[BlackElo "1827"]

1. d4 Nf6 2. Nf3 g6 3. c4 Bg7 4. Nc3 O-O 5. e4 d6 6. Be2 Nbd7 7. O-O e5 8. d5 Nc5
9. Qc2 a5 10. Be3 b6 11. a3 a4 12. Nd2 Nfd7 13. Bg4 h5 14. Bh3 Kh7 15. Rac1 Bh6
16. Rce1 Nf6 17. Bxc8 Qxc8 18. Bxh6 Kxh6 19. Nb5 Qd8 20. Re2 Nfd7 21. Qc3 Rc8
22. f4 exf4 23. Rxf4 Qg5 24. Rf1 Ne5 25. Nf3 Nxf3+ 26. Rxf3 f6 27. Qc2 Nb3 28.
Ref2 Kg7 29. Rg3 Qh6 30. Nc3 h4 31. Re3 1/2-1/2